|
|
|
|
| LEADER |
008110000a22002410004500 |
| 020 |
|
|
|a 978-1-933699-58-2
|
| 082 |
|
|
|a 615.32 Q0.8
|
| 100 |
|
|
|a Gupta, B D; Author
|
| 100 |
|
|
|a Gupta, V K; Author
|
| 100 |
|
|
|a Taneja, S C; Author
|
| 245 |
|
|
|a Comprehensive bioactive natural products
|
| 260 |
|
|
|a Houston, Studium Press
|
| 260 |
|
|
|c 2010
|
| 460 |
|
|
|a v 2(344p)
|
| 465 |
|
|
|a Rs.0.00
|
| 490 |
|
|
|a 8
|c Quality control and standardization
|
| 500 |
|
|
|a Includes bibliographical references and index
|
| 500 |
|
|
|a V K Gupta, S C Taneja and B D Gupta
|
| 650 |
|
|
|a Bioactive compounds
|
| 650 |
|
|
|a Natural products
|
| 942 |
|
|
|c BK
|
| 999 |
|
|
|c 50084
|d 50084
|
| 952 |
|
|
|0 0
|1 0
|4 0
|6 615_320000000000000_Q0_8
|7 0
|8 ENG
|9 50816
|a MGUL
|b MGUL
|d 2013-07-16
|e Rs.0.00
|l 1
|m 1
|o 615.32 Q0.8
|p 47344
|r 2018-08-18
|s 2018-07-16
|w 2013-07-16
|y BK
|